| 000 | 00591nam a2200205 u 4500 | ||
|---|---|---|---|
| 005 | 20240228064046.0 | ||
| 008 | 121003s2010 mx r 000 0 spa d | ||
| 020 | _a9786079095024 | ||
| 035 | _aUPN01000187001 | ||
| 049 | _aI | ||
| 050 | 4 |
_aPZ71 _bS3.5 |
|
| 100 | 1 |
_aSada, Margarita, _d1966- _934603 |
|
| 245 | 1 | 0 |
_aMis amigos / _cMargarita Sada. |
| 260 |
_aMéxico : _bSol y Luna de papel, _c2010. |
||
| 300 |
_a[16] p. : _bprincipalmente il. col. |
||
| 650 | 4 |
_aLibros y lectura para niños _92290 |
|
| 650 | 7 |
_aAmistad entre niños _2 _94319 |
|
| 905 | _aInfantil | ||
| 999 |
_c159104 _d159104 |
||